| 000 | 00745 a2200193 4500 | ||
|---|---|---|---|
| 010 | _aENG-85260 | ||
| 020 | _c125.00 | ||
| 035 | _aEN-68793 | ||
| 037 | _bD.B.Act / Pub | ||
| 082 | 1 | 4 | _a351.14 |
| 090 |
_c1901 _d1901 |
||
| 100 | 1 | _aSuryanarayana, R. V. | |
| 245 | 1 |
_aEffect of penalties on career _cR. V. Suryanarayana _bpay, promotion, seniority and pension of members of civil services |
|
| 260 |
_aBangalore _bParsam Institute of Statutory Rules _c2006 |
||
| 270 |
_aNo. 38/1, R. V. Road, Opp. Vijaya College, Basavanagudi _bBangalore _cKarnataka _e1560004 _k030-51205574 |
||
| 300 |
_ax, 106 p. _c21 cm. (Pbk) |
||
| 942 |
_adpl _cEN _k351.14 / SUR |
||
| 999 |
_c1869 _d1869 |
||